000 00805nam a2200253Ia 4500
003 OSt
005 20220930200819.0
006 a|||||r|||| 00| 0
007 ta
008 220926b |||||||| |||| 00| 0 hin d
024 _a55216
037 _cDissertations
040 _aCRL
_cCRL
_bhin
041 _2hin
_ahin
100 _aJai Prakash Narain
_9565261
110 _aUniversity of Delhi. Faculty of Arts. Department of Sanskrit
245 0 _aNatya Shastra mein pratipadit shadtrishat kavya lakshno ka vivechan
260 _c1996
650 _aSANSKRIT
700 _a Dr. Dipti Sharma Tripathi Gu.
_9565262
700 _aUniversity of Delhi. Faculty of Arts. Department of Sanskrit
942 _cDIS
_2CC
999 _c901074
_d901074